000 00349 a2200157 4500
001 178984
020 _a
040 _cMagnum
100 _aGewandsznajder, Fernando
240 1 0 _aOrigem e historia da vida
_lpor
245 1 0 _aOrigem e historia da vida
362 0 _a1899
440 1 _aÁtica
697 _aMAGNITO: PARADIDATICOS
942 _cBK
999 _c178984
_d178984